000 00383nam a2200169Ia 4500
003 0STCL
008 150530s9999 xx 000 0 und d
040 _aSTCL
_cSTCL
100 _aMaxwell
245 _aPoetry of Eliot, T.S.
250 _aFirst
260 _bRoutledge and Kegan Paul
_c1952
546 _aEnglish
942 _2ddc
_cBK
999 _c52777
_d52777
005 20220125170905.0